00507nam a2200205 a 4500001001300000003000900013005001700022008004100039020001000080082002000090100002000110245002600130260003200156300000900188500003500197505001000232650002300242650001600265700002000281nice12345678IN_TiNIC20260116012319.0050524s1990 dela grp 000 0 eng  ac16000a305.480297bLAT aLateef, Shahida aMuslim Women in India aDelhibKali for Womenc1990 a230p aincludes index and biblioraphy2 aIndex aMuslim Women-India aWomen-India1 aLateef, Shahida